000 00214nam a2200109Ia 4500
100 _a#N/A
942 _cBK
654 _aorient himself
245 _aCross Cultural Orientation
260 _b#N/A
546 _aENGLISH
999 _c24378
_d24378